[Event "POL-chT 52nd"]
[Site "Augustow"]
[Date "1996.12.05"]
[Round "9"]
[White "Jaworski, Miroslaw"]
[Black "Szypulski, Andrzej"]
[Result "1/2-1/2"]
[WhiteElo "2420"]
[BlackElo "2405"]
[PlyCount "92"]
[EventDate "1996.11.27"]
[EventType "team-tourn"]
[EventRounds "11"]
[EventCountry "POL"]
[SourceTitle "EXT 2019"]
[Source "ChessBase"]
[SourceDate "2018.10.10"]
[SourceVersion "1"]
[SourceVersionDate "2018.10.10"]
[SourceQuality "1"]
[WhiteTeam "Bielsko-Biala Wlokniarz"]
[BlackTeam "Suwalki Hancza"]
[WhiteTeamCountry "POL"]
[BlackTeamCountry "POL"]

1. d4 Nf6 2. c4 e6 3. g3 Bb4+ 4. Bd2 a5 5. Bg2 0-0 6. Nf3 d6 7. 0-0 Bxd2 8. Qxd2 Qe7 9. Nc3 e5 10. e4 Bg4 11. Ne1 exd4 12. Qxd4 Nc6 13. Qd2 Qd7 14. f3 Bh3 15. Nc2 Bxg2 16. Kxg2 a4 17. Ne3 Ne5 18. Rac1 Kh8 19. Ncd5 Nxd5 20. cxd5 c5 21. dxc6 bxc6 22. Rfd1 Rab8 23. Rc2 Rfd8 24. Qc3 Qe6 25. Rcd2 h6 26. Nf5 f6 27. Nxd6 Qxa2 28. f4 Rb3 29. Qa5 Rxd6 30. Rxd6 Rxb2+ 31. R1d2 Nf7 32. Rxb2 Qxb2+ 33. Rd2 Qc1 34. e5 fxe5 35. fxe5 Qc4 36. Kg1 Qe4 37. Qc3 Nxe5 38. Rf2 Qb1+ 39. Rf1 Qe4 40. Rf4 Qb1+ 41. Kg2 Qa2+ 42. Kg1 Qe2 43. Rf8+ Kh7 44. Rf2 Qd1+ 45. Rf1 Qe2 46. Rf2 Qd1+ 1/2-1/2

[Event "POL-chT 52nd"]
[Site "Augustow"]
[Date "1996.12.04"]
[Round "8"]
[White "Szypulski, Andrzej"]
[Black "Macieja, Bartlomiej"]
[Result "0-1"]
[WhiteElo "2405"]
[BlackElo "2460"]
[PlyCount "66"]
[EventDate "1996.11.27"]
[EventType "team-tourn"]
[EventRounds "11"]
[EventCountry "POL"]
[SourceTitle "EXT 2019"]
[Source "ChessBase"]
[SourceDate "2018.10.10"]
[SourceVersion "1"]
[SourceVersionDate "2018.10.10"]
[SourceQuality "1"]
[WhiteTeam "Suwalki Hancza"]
[BlackTeam "Warszawa Polonia"]
[WhiteTeamCountry "POL"]
[BlackTeamCountry "POL"]

1. d4 Nf6 2. g3 d5 3. Nf3 c5 4. c3 cxd4 5. cxd4 Nc6 6. Nc3 Bf5 7. Bg2 e6 8. 0-0 h6 9. Bf4 Be7 10. Qb3 Qb6 11. Nb5 0-0 12. Rfc1 Na5 13. Qa4 Nc4 14. Ne5 Nxe5 15. dxe5 Ng4 16. Nd4 g5 17. Be3 Nxe3 18. fxe3 Bg6 19. Qb5 Rfc8 20. Qxb6 axb6 21. a3 Bf8 22. Nb5 Bg7 23. Kf2 Bxe5 24. Nd4 Rxc1 25. Rxc1 g4 26. Rc3 Ra4 27. Rb3 Rc4 28. Ke1 Rc1+ 29. Kf2 Rc4 30. Ke1 Rc1+ 31. Kf2 Rd1 32. Rb4 h5 33. h3 h4 0-1

[Event "POL-chT 52nd"]
[Site "Augustow"]
[Date "1996.11.28"]
[Round "2"]
[White "Skalik, Przemyslaw"]
[Black "Szypulski, Andrzej"]
[Result "1/2-1/2"]
[WhiteElo "2335"]
[BlackElo "2405"]
[PlyCount "100"]
[EventDate "1996.11.27"]
[EventType "team-tourn"]
[EventRounds "11"]
[EventCountry "POL"]
[SourceTitle "EXT 2019"]
[Source "ChessBase"]
[SourceDate "2018.10.10"]
[SourceVersion "1"]
[SourceVersionDate "2018.10.10"]
[SourceQuality "1"]
[WhiteTeam "Glogow MOK Chrobry"]
[BlackTeam "Suwalki Hancza"]
[WhiteTeamCountry "POL"]
[BlackTeamCountry "POL"]

1. Nf3 Nf6 2. c4 e6 3. Nc3 Bb4 4. Qc2 0-0 5. a3 Bxc3 6. Qxc3 b6 7. b4 Bb7 8. g3 d6 9. Bg2 Nbd7 10. 0-0 c5 11. Bb2 Qe7 12. d3 e5 13. e4 Nh5 14. Nh4 g6 15. f4 f6 16. Bh3 Ng7 17. f5 g5 18. Ng2 Nb8 19. Ne3 Nc6 20. Nd5 Qf7 21. Qd2 Nd4 22. Bxd4 cxd4 23. a4 Rfc8 24. Rfc1 Bxd5 25. cxd5 Qd7 26. a5 Rxc1+ 27. Rxc1 Rc8 28. Bg4 Rc7 29. Bd1 Qc8 30. Rxc7 Qxc7 31. Ba4 Kf8 32. Bc6 bxa5 33. bxa5 Qb8 34. Qc2 Qb4 35. a6 h5 36. Bd7 Kg8 37. Be6+ Kh7 38. Kf2 Qc3 39. Qd1 Qb2+ 40. Kg1 g4 41. Bf7 Kh6 42. Bg6 Kg5 43. Kf1 h4 44. Qe2 Qxe2+ 45. Kxe2 hxg3 46. hxg3 Nh5 47. Bxh5 Kxh5 48. Kd2 Kh6 49. Kc2 Kg7 50. Kb3 Kf7 1/2-1/2

[Event "POL-chT 51st"]
[Site "Lubniewice"]
[Date "1995.09.??"]
[Round "3"]
[White "Matlak, Marek"]
[Black "Szypulski, Andrzej"]
[Result "1/2-1/2"]
[WhiteElo "2435"]
[BlackElo "2395"]
[PlyCount "106"]
[EventDate "1995.09.14"]
[EventType "team-tourn"]
[EventRounds "11"]
[EventCountry "POL"]
[SourceTitle "EXT 2019"]
[Source "ChessBase"]
[SourceDate "2018.10.10"]
[SourceVersion "1"]
[SourceVersionDate "2018.10.10"]
[SourceQuality "1"]
[WhiteTeam "Bielsko-Biala Wlokniarz"]
[BlackTeam "Suwalki Hancza"]
[WhiteTeamCountry "POL"]
[BlackTeamCountry "POL"]

1. d4 Nf6 2. Nf3 b6 3. Bg5 Bb7 4. Nbd2 g6 5. Bxf6 exf6 6. e4 Qe7 7. Bd3 Bh6 8. 0-0 0-0 9. Re1 Nc6 10. c3 a5 11. Nc4 Rae8 12. Qb3 Ba6 13. Rad1 Bxc4 14. Bxc4 Nd8 15. g3 Ne6 16. h4 Qd8 17. Kg2 Bg7 18. h5 Re7 19. Rh1 Rfe8 20. Bd3 Qa8 21. Qd5 Qxd5 22. exd5 Nd8 23. g4 Nb7 24. Nd2 Nd6 25. Nc4 Nxc4 26. Bxc4 Re4 27. Kf3 R4e7 28. Bd3 c6 29. dxc6 dxc6 30. Rd2 Bh6 31. Re2 Rxe2 32. Bxe2 Bf8 33. Bd3 Rd8 34. a4 Bd6 35. Ba6 Rd7 36. Re1 Kf8 37. Bd3 Rc7 38. Be4 Rc8 39. Rd1 Rc7 40. Ke2 Rc8 41. Kd3 c5 42. Bb7 Rc7 43. Ba6 cxd4 44. cxd4 Bb4 45. Bc4 Re7 46. Rh1 Re1 47. Rxe1 Bxe1 48. f4 f5 49. hxg6 hxg6 50. gxf5 gxf5 51. Ke2 Bg3 52. Kf3 Bh2 53. Bd3 Bg1 1/2-1/2

[Event "Porz op 28th"]
[Site "Cologne"]
[Date "1992.??.??"]
[Round "3"]
[White "Hogenacker, Jacques"]
[Black "Szypulski, Andrzej"]
[Result "1/2-1/2"]
[WhiteElo "2280"]
[BlackElo "2395"]
[PlyCount "57"]
[EventDate "1992.??.??"]
[EventType "swiss"]
[EventRounds "9"]
[EventCountry "GER"]
[SourceTitle "TD"]
[Source "ChessBase"]
[SourceDate "1994.03.01"]
[SourceVersion "1"]
[SourceVersionDate "1994.03.01"]
[SourceQuality "1"]

1. e4 c5 2. Nf3 e6 3. d3 Nc6 4. g3 Nf6 5. Bg2 d5 6. Nbd2 Be7 7. 0-0 Qc7 8. Re1 b6 9. c3 Bb7 10. a3 a5 11. a4 0-0 12. e5 Nd7 13. Qe2 Rfe8 14. Nb1 f6 15. exf6 Bxf6 16. Na3 Na7 17. Bg5 Qd8 18. Bxf6 Qxf6 19. Ne5 Nxe5 20. Qxe5 Bc6 21. Bh3 Qxe5 22. Rxe5 Kf7 23. Rae1 Bd7 24. f4 g6 25. R5e2 Re7 26. c4 Rae8 27. b3 Bc6 28. Nb1 d4 29. Nd2 1/2-1/2

[Event "BL2-West 9091"]
[Site "Germany"]
[Date "1991.??.??"]
[Round "?.2"]
[White "Rechmann, Peter"]
[Black "Szypulski, Andrzej"]
[Result "1-0"]
[WhiteElo "2355"]
[BlackElo "2385"]
[PlyCount "97"]
[EventDate "1990.10.??"]
[EventType "team-tourn"]
[EventRounds "9"]
[EventCountry "GER"]
[SourceTitle "GER-chT2"]
[Source "ChessBase"]
[SourceDate "1999.07.01"]
[SourceVersion "1"]
[SourceVersionDate "1999.07.01"]
[SourceQuality "1"]
[WhiteTeam "Monheim"]
[BlackTeam "Enger Spenge"]
[WhiteTeamCountry "GER"]
[BlackTeamCountry "GER"]

1. c4 e5 2. Nc3 Bb4 3. Nd5 Ba5 4. b4 c6 5. bxa5 cxd5 6. cxd5 Qxa5 7. e4 d6 8. Ne2 Nd7 9. Nc3 Nc5 10. Bb5+ Bd7 11. Bxd7+ Nxd7 12. Rb1 Nc5 13. 0-0 Nf6 14. d4 Ncd7 15. Nb5 0-0 16. Nxd6 Qxa2 17. Bb2 Ne8 18. Nf5 exd4 19. Bxd4 Ndf6 20. Bc5 Nxe4 21. Bxf8 Kxf8 22. Rxb7 Rd8 23. Qh5 Qxd5 24. Qxh7 N4f6 25. Qh8+ Ng8 26. Qxg8+ Kxg8 27. Ne7+ Kf8 28. Nxd5 Rxd5 29. Rxa7 Re5 30. Rb1 g5 31. h3 Kg7 32. Rb4 Rf5 33. h4 gxh4 34. Rg4+ Kf8 35. Ra8 Re5 36. Rxh4 Kg7 37. Rg4+ Kf6 38. Rf4+ Kg6 39. f3 f5 40. Rd4 Nf6 41. Rd6 f4 42. Raa6 Rf5 43. Kf2 Kg5 44. Re6 Kg6 45. Ke2 Kf7 46. Rxf6+ Rxf6 47. Rxf6+ Kxf6 48. Kd3 Ke5 49. Kc4 1-0

[Event "Augustow"]
[Site "Augustow"]
[Date "1989.??.??"]
[Round "5"]
[White "Morchat, Miroslaw"]
[Black "Szypulski, Andrzej"]
[Result "0-1"]
[WhiteElo "2285"]
[BlackElo "2390"]
[PlyCount "114"]
[EventDate "1989.??.??"]
[EventType "tourn"]
[EventRounds "11"]
[EventCountry "POL"]
[SourceTitle "EXT 1999"]
[Source "ChessBase"]
[SourceDate "1998.11.16"]
[SourceVersion "1"]
[SourceVersionDate "1998.11.16"]
[SourceQuality "1"]

1. d4 Nf6 2. c4 e6 3. Nf3 b6 4. g3 Ba6 5. b3 Bb7 6. Bg2 Bb4+ 7. Bd2 a5 8. 0-0 0-0 9. Bc3 d5 10. cxd5 Bxd5 11. Bb2 Qe7 12. a3 Bd6 13. Nc3 Bb7 14. Qc2 Nbd7 15. e4 e5 16. dxe5 Nxe5 17. Nd4 g6 18. Ncb5 Bc5 19. b4 axb4 20. axb4 Bxb4 21. Qxc7 Rxa1 22. Rxa1 Qxc7 23. Nxc7 Bxe4 24. Ndb5 Bxg2 25. Kxg2 Ned7 26. Rd1 Be7 27. Re1 Bd8 28. Ba3 Nc5 29. Bxc5 bxc5 30. Re5 Bxc7 31. Nxc7 c4 32. Rc5 Rc8 33. Kf3 Ne8 34. Ne6 Rxc5 35. Nxc5 Nd6 36. Ke3 Nb5 37. Ne4 Kg7 38. Nd2 c3 39. Nb3 Kf6 40. Kd3 Ke5 41. Kc4 Ke4 42. Kxb5 Kf3 43. Kc4 Kxf2 44. Kxc3 Kg2 45. Nc1 Kxh2 46. Ne2 Kg2 47. Kd3 Kf2 48. Kd2 h5 49. Kd3 g5 50. Kd2 h4 51. gxh4 gxh4 52. Nf4 Kf3 53. Nh3 Kg3 54. Ng5 f6 55. Ne4+ Kf3 56. Kd3 h3 57. Nd2+ Kg2 0-1

[Event "Augustow"]
[Site "Augustow"]
[Date "1989.??.??"]
[Round "8"]
[White "Szypulski, Andrzej"]
[Black "Maciejewski, Andrzej"]
[Result "1/2-1/2"]
[WhiteElo "2390"]
[BlackElo "2375"]
[PlyCount "28"]
[EventDate "1989.??.??"]
[EventType "tourn"]
[EventRounds "11"]
[EventCountry "POL"]
[SourceTitle "EXT 1999"]
[Source "ChessBase"]
[SourceDate "1998.11.16"]
[SourceVersion "1"]
[SourceVersionDate "1998.11.16"]
[SourceQuality "1"]

1. d4 g6 2. e4 d6 3. Nf3 Bg7 4. c3 Nf6 5. Bd3 Nbd7 6. 0-0 e5 7. Bg5 h6 8. Bh4 0-0 9. Re1 Re8 10. Na3 a5 11. Nb5 Nb6 12. a4 c6 13. Na3 Qc7 14. Bg3 Nh5 1/2-1/2

[Event "Augustow"]
[Site "Augustow"]
[Date "1989.??.??"]
[Round "2"]
[White "Szypulski, Andrzej"]
[Black "Ostrowski, Leszek"]
[Result "1-0"]
[WhiteElo "2390"]
[BlackElo "2380"]
[PlyCount "55"]
[EventDate "1989.??.??"]
[EventType "tourn"]
[EventRounds "11"]
[EventCountry "POL"]
[SourceTitle "EXT 1999"]
[Source "ChessBase"]
[SourceDate "1998.11.16"]
[SourceVersion "1"]
[SourceVersionDate "1998.11.16"]
[SourceQuality "1"]

1. d4 Nf6 2. Nf3 d6 3. c4 c6 4. Nc3 Bg4 5. g3 Nbd7 6. Bg2 e5 7. 0-0 Be7 8. Be3 0-0 9. h3 Bxf3 10. exf3 Re8 11. f4 exd4 12. Bxd4 Nb6 13. Qb3 Nfd7 14. Rfd1 Qc7 15. Ne4 d5 16. cxd5 Nxd5 17. Rac1 N7f6 18. Ng5 Qd7 19. Bxf6 Bxf6 20. Bxd5 cxd5 21. Rxd5 Qe7 22. Rcd1 Bxg5 23. fxg5 b6 24. Rd7 Qf8 25. Qf3 Red8 26. Qxf7+ Qxf7 27. Rxd8+ Qf8 28. Rxf8+ 1-0

[Event "Augustow"]
[Site "Augustow"]
[Date "1989.??.??"]
[Round "6"]
[White "Szypulski, Andrzej"]
[Black "Terzic, Safet"]
[Result "0-1"]
[WhiteElo "2390"]
[BlackElo "2360"]
[PlyCount "120"]
[EventDate "1989.??.??"]
[EventType "tourn"]
[EventRounds "11"]
[EventCountry "POL"]
[SourceTitle "EXT 1999"]
[Source "ChessBase"]
[SourceDate "1998.11.16"]
[SourceVersion "1"]
[SourceVersionDate "1998.11.16"]
[SourceQuality "1"]

1. d4 Nf6 2. Nf3 g6 3. c4 Bg7 4. Nc3 0-0 5. e4 d6 6. Be2 e5 7. d5 Nbd7 8. Bg5 h6 9. Bh4 a5 10. Nd2 Nc5 11. g4 c6 12. f3 a4 13. Qc2 Qa5 14. Bf2 Bd7 15. Be3 cxd5 16. cxd5 b5 17. a3 Rac8 18. 0-0 Nh7 19. Kg2 f5 20. h3 h5 21. gxf5 gxf5 22. Kh2 f4 23. Bf2 Bf6 24. Rg1+ Kf7 25. Rab1 Ng5 26. Bf1 Nb3 27. Bg2 Nxd2 28. Qxd2 Bxh3 29. Qd3 Bd7 30. Na2 Rc4 31. Nb4 Qc7 32. Rbd1 Rc8 33. Rd2 h4 34. Bf1 Rg8 35. Nc6 Bxc6 36. dxc6 Qxc6 37. Be2 Ke7 38. Rg4 h3 39. Rg1 Rc8 40. Rgd1 Nf7 41. Bf1 Ng5 42. Kh1 Rd8 43. Be2 h2 44. Qb1 Qc8 45. Bxc4 bxc4 46. Bb6 Rg8 47. Rg2 Nxf3 48. Rxg8 Qxg8 49. Qc2 Qb8 50. Bf2 Qb5 51. Rc1 d5 52. exd5 Qxd5 53. Qxc4 Ke6 54. Kg2 Qxc4 55. Rxc4 Kf5 56. Rxa4 e4 57. Ra5+ Be5 58. Bc5 e3 59. Bb4 e2 60. Ra7 e1Q 0-1

[Event "POL-chT 44th"]
[Site "Krynica"]
[Date "1988.10.??"]
[Round "4"]
[White "Petkevich, Jusefs"]
[Black "Szypulski, Andrzej"]
[Result "0-1"]
[WhiteElo "2460"]
[BlackElo "2395"]
[PlyCount "96"]
[EventDate "1988.10.01"]
[EventType "team-tourn"]
[EventRounds "11"]
[EventCountry "POL"]
[SourceTitle "EXT 2019"]
[Source "ChessBase"]
[SourceDate "2018.10.10"]
[SourceVersion "1"]
[SourceVersionDate "2018.10.10"]
[SourceQuality "1"]
[WhiteTeam "Warszawa Polonia"]
[BlackTeam "Warszawa Legion"]
[WhiteTeamCountry "POL"]
[BlackTeamCountry "POL"]

1. d4 Nf6 2. Nf3 e6 3. e3 b6 4. Bd3 Bb7 5. Nbd2 c5 6. 0-0 Be7 7. b3 d6 8. Bb2 Nbd7 9. c4 0-0 10. Rc1 Rc8 11. Bb1 Rc7 12. e4 cxd4 13. Nxd4 Qa8 14. Re1 a6 15. Qe2 g6 16. Rcd1 Re8 17. N4f3 Nh5 18. Qe3 Rcc8 19. Nf1 b5 20. cxb5 axb5 21. Nd4 Qa5 22. Ng3 Nhf6 23. h3 Bf8 24. Qe2 b4 25. Nf3 e5 26. Nd2 d5 27. exd5 Nxd5 28. Nc4 Qc7 29. Be4 N7f6 30. Bxd5 Nxd5 31. Bxe5 Qc6 32. Ne4 Nc3 33. Bxc3 bxc3 34. f3 f5 35. Na5 Qb6+ 36. Qf2 Qxf2+ 37. Nxf2 c2 38. Nxb7 Rxe1+ 39. Rxe1 c1Q 40. Rxc1 Rxc1+ 41. Kh2 Rc7 42. Na5 Bd6+ 43. f4 Bxf4+ 44. g3 Rc2 45. gxf4 Rxf2+ 46. Kg3 Rxa2 47. b4 Ra3+ 48. Kg2 Rc3 0-1

[Event "Legion-AdW match"]
[Site "Warsaw"]
[Date "1988.06.11"]
[Round "2.2"]
[White "Szypulski, Andrzej"]
[Black "Heinig, Wolfram"]
[Result "1/2-1/2"]
[WhiteElo "2390"]
[BlackElo "2300"]
[PlyCount "28"]
[EventDate "1988.06.10"]
[EventType "team"]
[EventRounds "2"]
[EventCountry "POL"]
[SourceTitle "EXT 2012"]
[Source "ChessBase"]
[SourceDate "2011.11.24"]
[SourceVersion "1"]
[SourceVersionDate "2011.11.24"]
[SourceQuality "1"]

1. d4 Nf6 2. Nf3 g6 3. Bg5 Bg7 4. Nbd2 0-0 5. c3 d6 6. e4 h6 7. Bh4 Nbd7 8. Be2 b6 9. 0-0 Bb7 10. Qc2 e5 11. dxe5 dxe5 12. Rfe1 Qe8 13. Bf1 Nh5 14. Rad1 Bf6 1/2-1/2

[Event "Legion-AdW match"]
[Site "Warsaw"]
[Date "1988.06.10"]
[Round "1.2"]
[White "Heinig, Wolfram"]
[Black "Szypulski, Andrzej"]
[Result "0-1"]
[WhiteElo "2300"]
[BlackElo "2390"]
[PlyCount "93"]
[EventDate "1988.06.10"]
[EventType "team"]
[EventRounds "2"]
[EventCountry "POL"]
[SourceTitle "EXT 2012"]
[Source "ChessBase"]
[SourceDate "2011.11.24"]
[SourceVersion "1"]
[SourceVersionDate "2011.11.24"]
[SourceQuality "1"]

1. d4 Nf6 2. c4 e6 3. Nf3 b6 4. g3 Ba6 5. b3 Bb7 6. Bg2 Bb4+ 7. Bd2 a5 8. 0-0 0-0 9. Bg5 a4 10. bxa4 h6 11. Bxf6 Qxf6 12. Qb3 Ba5 13. Na3 d6 14. Nb5 Na6 15. Rfd1 Rfe8 16. Ne1 Bxg2 17. Nxg2 e5 18. Ne3 c6 19. dxe5 dxe5 20. Nd6 Re6 21. Nb7 Qe7 22. Nxa5 bxa5 23. Rdb1 Nc5 24. Qa3 g6 25. Rb6 Rd8 26. Rab1 Kh7 27. Rb8 Rxb8 28. Rxb8 Qa7 29. Rd8 h5 30. Kg2 Kg7 31. Nc2 Rf6 32. Qe3 Qc7 33. Ra8 Ne6 34. Ra7 Qb8 35. Rxa5 c5 36. Rb5 Qa8+ 37. f3 Qxa4 38. Qb3 Qa8 39. Rb8 Qa5 40. Qd3 Qxa2 41. Qc3 Nd4 42. Rb2 Qa8 43. Ne3 Nxe2 44. Rxe2 Qxf3+ 45. Kh3 Qxe2 46. Qxe5 Qf2 47. Kh4 0-1

[Event "Warsaw"]
[Site "Warsaw"]
[Date "1988.??.??"]
[Round "5"]
[White "Baumbach, Friedrich"]
[Black "Szypulski, Andrzej"]
[Result "0-1"]
[WhiteElo "2315"]
[BlackElo "2350"]
[PlyCount "60"]
[EventDate "1988.??.??"]
[EventType "tourn"]
[EventRounds "13"]
[EventCountry "POL"]
[EventCategory "4"]
[SourceTitle "EXT 1997"]
[Source "ChessBase"]
[SourceDate "1996.11.15"]
[SourceVersion "1"]
[SourceVersionDate "1996.11.15"]
[SourceQuality "1"]

1. d4 Nf6 2. c4 e6 3. Nf3 b6 4. g3 Ba6 5. b3 Bb7 6. Bg2 Bb4+ 7. Bd2 a5 8. 0-0 0-0 9. Bf4 a4 10. bxa4 d6 11. Qb3 Ba5 12. Na3 Nbd7 13. Nb5 h6 14. h4 Ne4 15. Rad1 f5 16. Nd2 Ndf6 17. f3 Bxd2 18. fxe4 Bxf4 19. Rxf4 Bxe4 20. c5 Bd5 21. Bxd5 Nxd5 22. Rf3 bxc5 23. dxc5 dxc5 24. Nc3 c6 25. e4 fxe4 26. Rxf8+ Qxf8 27. Nxe4 Qf5 28. Nxc5 Rf8 29. Nd3 Ne3 30. Re1 Qh3 0-1

[Event "Warsaw"]
[Site "Warsaw"]
[Date "1988.??.??"]
[Round "3"]
[White "Milovanovic, Rade"]
[Black "Szypulski, Andrzej"]
[Result "1-0"]
[WhiteElo "2415"]
[BlackElo "2350"]
[PlyCount "89"]
[EventDate "1988.??.??"]
[EventType "tourn"]
[EventRounds "13"]
[EventCountry "POL"]
[EventCategory "4"]
[SourceTitle "EXT 1997"]
[Source "ChessBase"]
[SourceDate "1996.11.15"]
[SourceVersion "1"]
[SourceVersionDate "1996.11.15"]
[SourceQuality "1"]

1. e4 c5 2. Nf3 e6 3. Nc3 a6 4. g3 b6 5. Bg2 Bb7 6. 0-0 d6 7. d4 cxd4 8. Nxd4 Qc7 9. a4 Nf6 10. g4 h6 11. Qe2 Be7 12. f4 Nc6 13. Nxc6 Qxc6 14. Be3 Nd7 15. Rad1 Rc8 16. Bd4 0-0 17. g5 hxg5 18. fxg5 Bxg5 19. Qh5 Bh6 20. Rd3 Ne5 21. Rg3 Ng6 22. Kh1 Qc7 23. Rh3 Rfe8 24. Bxg7 Bxg7 25. Qh7+ Kf8 26. Qxg6 Re7 27. Rg3 f5 28. exf5 exf5 29. Rxf5+ Kg8 30. Rf1 Bxg2+ 31. Rxg2 Qc6 32. Rfg1 Rf8 33. Qg5 Rff7 34. Nd5 Re5 35. Qd8+ Kh7 36. Qh4+ Kg8 37. c4 b5 38. Qh6 Qb7 39. Qxd6 Ref5 40. axb5 axb5 41. Qd8+ Kh7 42. Qh4+ Kg8 43. b3 bxc4 44. bxc4 Qd7 45. Rxg7+ 1-0

[Event "Warsaw Cup"]
[Site "Warsaw"]
[Date "1987.??.??"]
[Round "8"]
[White "Bany, Jerzy"]
[Black "Szypulski, Andrzej"]
[Result "1/2-1/2"]
[WhiteElo "2430"]
[BlackElo "2320"]
[PlyCount "127"]
[EventDate "1987.04.??"]
[EventType "swiss"]
[EventRounds "11"]
[EventCountry "POL"]
[SourceTitle "EXT 2001"]
[Source "ChessBase"]
[SourceDate "2000.11.22"]
[SourceVersion "1"]
[SourceVersionDate "2000.11.22"]
[SourceQuality "1"]

1. d4 Nf6 2. c4 d6 3. Nf3 Nbd7 4. Nc3 c6 5. g3 e5 6. Bg2 Be7 7. 0-0 0-0 8. e4 a6 9. h3 Re8 10. Be3 Bf8 11. Qc2 b5 12. cxb5 axb5 13. a3 Bb7 14. Rad1 Qb8 15. dxe5 dxe5 16. Nd2 b4 17. axb4 Bxb4 18. Ra1 Ba6 19. Rfc1 Nc5 20. Bxc5 Bxc5 21. Bf1 Bxf1 22. Kxf1 Bd4 23. Rxa8 Qxa8 24. Kg2 Rb8 25. Na4 c5 26. b3 h6 27. Qd3 Rd8 28. Qe2 Rd6 29. Rc2 Nd7 30. Qb5 Kh7 31. Ra2 Qd8 32. Nc4 Rg6 33. Qb7 h5 34. Rd2 h4 35. g4 Rf6 36. Ne3 Qa5 37. Nc4 Qxd2 38. Nxd2 Rxf2+ 39. Kh1 Nf6 40. Qxf7 Rxd2 41. Nb6 Rd1+ 42. Kg2 Rd2+ 43. Kf1 Rf2+ 44. Ke1 Nxe4 45. Qh5+ Kg8 46. Qe8+ Kh7 47. Nd5 c4 48. bxc4 Ng3 49. Kd1 e4 50. Qe7 Rf1+ 51. Kc2 Rf2+ 52. Kb3 Rf3+ 53. Ka4 e3 54. Nxe3 Rxe3 55. Qxh4+ Kg6 56. Qd8 Bf6 57. Qd7 Ne4 58. Qf5+ Kf7 59. h4 Nc3+ 60. Kb3 Ne4+ 61. Kc2 Nd6 62. Qf4 Re5 63. g5 Rf5 64. Qg4 1/2-1/2

[Event "POL-chT 43rd"]
[Site "Jachranka"]
[Date "1987.??.??"]
[Round "11"]
[White "Kruszynski, Wlodzimierz"]
[Black "Szypulski, Andrzej"]
[Result "1-0"]
[WhiteElo "2315"]
[BlackElo "2375"]
[PlyCount "63"]
[EventDate "1987.09.23"]
[EventType "team-tourn"]
[EventRounds "11"]
[EventCountry "POL"]
[SourceTitle "EXT 2019"]
[Source "ChessBase"]
[SourceDate "2018.10.10"]
[SourceVersion "1"]
[SourceVersionDate "2018.10.10"]
[SourceQuality "1"]
[WhiteTeam "Myslowice Gornik 09"]
[BlackTeam "Warszawa Legion"]
[WhiteTeamCountry "POL"]
[BlackTeamCountry "POL"]

1. e4 e6 2. d4 d5 3. Nd2 c5 4. Ngf3 cxd4 5. exd5 Qxd5 6. Bc4 Qd6 7. 0-0 Nf6 8. Nb3 Nc6 9. Nbxd4 Nxd4 10. Nxd4 Bd7 11. c3 0-0-0 12. Qe2 Qc7 13. a4 Bd6 14. h3 Bh2+ 15. Kh1 Bf4 16. Nb5 Bxb5 17. axb5 Bxc1 18. Rfxc1 Kb8 19. Bd3 Qf4 20. c4 h5 21. Kg1 g5 22. c5 h4 23. c6 Nd5 24. b6 axb6 25. cxb7 Kxb7 26. Be4 Ra8 27. Bxd5+ exd5 28. Qe7+ Kb8 29. Rxa8+ Kxa8 30. Ra1+ Kb8 31. Qa7+ Kc8 32. Qa8+ 1-0

[Event "Porabka"]
[Site "Porabka"]
[Date "1987.??.??"]
[Round "3"]
[White "Riemersma, Liafbern"]
[Black "Szypulski, Andrzej"]
[Result "1-0"]
[WhiteElo "2395"]
[BlackElo "2320"]
[PlyCount "85"]
[EventDate "1987.??.??"]
[EventType "tourn"]
[EventRounds "13"]
[EventCountry "POL"]
[EventCategory "6"]
[SourceTitle "EXT 1997"]
[Source "ChessBase"]
[SourceDate "1996.11.15"]
[SourceVersion "1"]
[SourceVersionDate "1996.11.15"]
[SourceQuality "1"]

1. e4 c5 2. Nf3 Nc6 3. d4 cxd4 4. Nxd4 Nf6 5. Nc3 d6 6. Bc4 Qb6 7. Ndb5 a6 8. Be3 Qa5 9. Nd4 Bd7 10. 0-0 g6 11. Nd5 Nxd5 12. Nxc6 bxc6 13. exd5 Bg7 14. Re1 cxd5 15. Bxd5 Rc8 16. Bf4 Kf8 17. Qf3 f5 18. Rxe7 Kxe7 19. Qe3+ Be5 20. Bxe5 Qxd5 21. Qg5+ Ke8 22. Bxh8 Rxc2 23. Re1+ Be6 24. Bc3 Kd7 25. Qe3 Qxa2 26. h3 Qc4 27. Qa7+ Kc6 28. Qa8+ Kb6 29. Qd8+ Kc6 30. Qa8+ Kb6 31. Rd1 Qc7 32. Ra1 Qc8 33. Qf3 Qc4 34. Rd1 Kc7 35. Ba5+ Kd7 36. Qb7+ Ke8 37. Qb8+ Qc8 38. Qxd6 Rc1 39. Rxc1 Qxc1+ 40. Kh2 Kf7 41. Bb4 Qc8 42. Qe7+ Kg8 43. Bc3 1-0